Porcelaine de la Compagnie des Indes (Record no. 7498)

MARC details
000 -CABECERA
campo de control de longitud fija 00676nam a2200217 a 4500
001 - NÚMERO DE CONTROL
campo de control BRCA_7824
005 - FECHA Y HORA DE LA ÚLTIMA TRANSACCIÓN
campo de control 20190320210019.0
008 - DATOS DE LONGITUD FIJA--INFORMACIÓN GENERAL
campo de control de longitud fija 011113s1962----sz-ab#####---#000-0#fre-#
041 ## - CÓDIGO DE LENGUA
Código de lengua del texto/banda sonora o título independiente fre
044 ## - CÓDIGO DEL PAÍS DE LA ENTIDAD EDITORA/PRODUCTORA
Código MARC del país sz
050 #4 - SIGNATURA TOPOGRÁFICA DE LA BIBLIOTECA DEL CONGRESO
Número de clasificación NK4565
Número de documento/Ítem .B48 1 1962
100 1# - ENTRADA PRINCIPAL--NOMBRE DE PERSONA
Nombre de persona Beurdeley, Michel
9 (RLIN) 7813
245 10 - MENCIÓN DE TÍTULO
Título Porcelaine de la Compagnie des Indes
Mención de responsabilidad, etc. par Michel Beurdeley.
260 ## - PUBLICACIÓN, DISTRIBUCIÓN, ETC.
Lugar de publicación, distribución, etc. Fribourg, Suiza
Nombre del editor, distribuidor, etc. Office du Livre
Fecha de publicación, distribución, etc. c1962
300 ## - DESCRIPCIÓN FÍSICA
Extensión 225 p.
Otras características físicas il. a color, 24 láminas, mapas
Dimensiones 30 cm.
500 ## - NOTA GENERAL
Nota general Ejemplar igual a Y32 e Y126. Ver también AA92 (ed. alemana)
500 ## - NOTA GENERAL
Nota general Y20
650 14 - PUNTO DE ACCESO ADICIONAL DE MATERIA--TÉRMINO DE MATERIA
Término de materia o nombre geográfico como elemento de entrada Porcelana china
Subdivisión de forma Coleccionistas y colecciones
9 (RLIN) 7814
902 ## - CATALOGADOR
Iniciales GFM
942 ## - ELEMENTOS DE PUNTO DE ACCESO ADICIONAL (KOHA)
Fuente del sistema de clasificación o colocación Library of Congress Classification
Tipo de ítem Koha Libros
Holdings
Estado de retiro Estado de pérdida Estado dañado No para préstamo Localización permanente Ubicación/localización actual Fecha de adquisición Número de inventario Total de préstamos Signatura topográfica completa Código de barras Fecha visto por última vez Precio válido a partir de Tipo de ítem Koha
El ejemplar forma parte de la colección y puede ser consultado según las políticas vigentes.       Biblioteca del Museo Franz Mayer (Rogerio Casas-Alatriste) Biblioteca del Museo Franz Mayer (Rogerio Casas-Alatriste) 25/10/2013 Y20   NK4565 .B48 1 1962 (Y20) 8435 22/03/2019 22/03/2019 Libros